Travel and tourism - Australia.

Bibliographic Details
Format: Book
Published: London: Euromonitor International, 2010.
Series:Country market insight : May 2010
LEADER 00406cam a2200121 7i4500
001 0000025333
005 20101216090000.0
245 0 0 |a Travel and tourism - Australia. 
260 0 0 |a London:   |b Euromonitor International,   |c 2010. 
300 # # |a [v.p]. 
440 0 0 |a Country market insight : May 2010 
999 |a B000028116  |b Book  |c Countries  |e Business Information Centre 
999 |a B000028115  |b Book  |c Countries  |e Business Information Centre